Shrimanmahabharata.S32. (Record no. 91462)
[ view plain ]
| 000 -LEADER | |
|---|---|
| fixed length control field | 00630nam a2200217Ia 4500 |
| 003 - CONTROL NUMBER IDENTIFIER | |
| control field | OSt |
| 005 - DATE AND TIME OF LATEST TRANSACTION | |
| control field | 20240401162944.0 |
| 008 - FIXED-LENGTH DATA ELEMENTS--GENERAL INFORMATION | |
| fixed length control field | 210210b1985 xxu||||| |||| 00| 0 eng d |
| 040 ## - CATALOGING SOURCE | |
| Transcribing agency | AL |
| 041 ## - LANGUAGE CODE | |
| Language code of text/sound track or separate title | Kannada |
| 082 ## - DEWEY DECIMAL CLASSIFICATION NUMBER | |
| Classification number | K894.4 SHRI |
| 100 ## - MAIN ENTRY--PERSONAL NAME | |
| Personal name | - |
| 9 (RLIN) | 157611 |
| 245 ## - TITLE STATEMENT | |
| Title | Shrimanmahabharata.S32. |
| Remainder of title | ಶ್ರೀ ಮನ್ಮಹಾಭಾರತ ಸಂ: ೩೨ |
| 260 ## - PUBLICATION, DISTRIBUTION, ETC. | |
| Place of publication, distribution, etc. | Bengaluru |
| Name of publisher, distributor, etc. | Bharata Darshana Prakashana |
| Date of publication, distribution, etc. | 1985 |
| 300 ## - PHYSICAL DESCRIPTION | |
| Extent | xx,6669,219 |
| 440 ## - SERIES STATEMENT/ADDED ENTRY--TITLE | |
| Title | 32 |
| 9 (RLIN) | 157612 |
| 650 ## - SUBJECT ADDED ENTRY--TOPICAL TERM | |
| Topical term or geographic name entry element | Mahabharata Vyasa Mausalamahaprasthanasvargarohanaparva |
| 9 (RLIN) | 157613 |
| 690 ## - LOCAL SUBJECT ADDED ENTRY--TOPICAL TERM (OCLC, RLIN) | |
| Topical term or geographic name as entry element | Kannada Prose |
| 9 (RLIN) | 157614 |
| 906 ## - LOCAL DATA ELEMENT F, LDF (RLIN) | |
| a | 041393 |
| 942 ## - ADDED ENTRY ELEMENTS (KOHA) | |
| Source of classification or shelving scheme | Dewey Decimal Classification |
| Koha item type | Book |
| Withdrawn status | Lost status | Source of classification or shelving scheme | Damaged status | Not for loan | Collection code | Home library | Current library | Shelving location | Date acquired | Cost, normal purchase price | Total Checkouts | Full call number | Barcode | Date last seen | Price effective from | Koha item type |
|---|---|---|---|---|---|---|---|---|---|---|---|---|---|---|---|---|
| Dewey Decimal Classification | Kannada | St Aloysius Library | St Aloysius Library | Secondary stack section | 02/17/2021 | 14.00 | K894.4 SHRI | 041393 | 02/17/2021 | 02/17/2021 | Book |